Normal view MARC view

Entry Topical Term

Number of records used in: 2

001 - CONTROL NUMBER

  • control field: 53500

003 - CONTROL NUMBER IDENTIFIER

  • control field: dpl

005 - DATE AND TIME OF LATEST TRANSACTION

  • control field: 20121101121856.0

008 - FIXED-LENGTH DATA ELEMENTS

  • fixed length control field: 121101|||a|||||| | ||| d

040 ## - CATALOGING SOURCE

  • Original cataloging agency: dpl
  • Transcribing agency: dpl

150 ## - HEADING--TOPICAL TERM

  • Topical term or geographic name as entry element: Object-oriented programming (Computer science)

670 ## - SOURCE DATA FOUND

  • Source citation: Work cat.: (dpl)0: Britton, Carol 53498, Object-oriented systems development :, 2012

670 ## - SOURCE DATA FOUND

  • Source citation: Work cat.: (dpl)0: Britton, Carol 53498, Object-oriented systems development :, 2012

© Delhi Public Library
Hit Counter
free hit counter